| 000 | 01170nam a2200253Ia 4500 | ||
|---|---|---|---|
| 003 | PE SENCICO BE | ||
| 005 | 20260323203333.0 | ||
| 008 | 200515s9999 xx 000 0 und d | ||
| 020 | _a84-329-2921-2 | ||
| 040 |
_aPE SENCICO BE _cPE SENCICO BE |
||
| 041 | _aspa | ||
| 082 |
_a720.22 _bR74 1980 |
||
| 100 | 1 |
_aRodriguez, Anselmo _9613 _eautor |
|
| 245 | 1 | 0 |
_a164 modelos de planos de plantas / _cAnselmo Rodriguez |
| 250 | _a18a ed. | ||
| 260 |
_aBarcelona : _bEdiciones CEAC ; _c1980 |
||
| 300 |
_a202 páginas : _bilustraciones, planos ; _c21 cm. |
||
| 490 | _3Monografías CEAC de construcción | ||
| 505 | 0 | _aViviendas mínimas de una a dos plantas -- Apartamento viviendas mínimas -- Viviendas con fachadas anterior y posterior y superficie menor de 52 m2 -- Viviendas con fachadas anterior y posterior superficie mayor de 52 m2 -- Viviendas aisladas en una planta -- Viviendas aisladas con dos plantas -- Estudios varios de plantas -- Viviendas unitarias con plantas en L, T, Z, etc., en una sola planta -- La vivienda challet | |
| 650 | 1 | 0 |
_aViviendas _9455 |
| 650 | 2 | 0 |
_aPlanos _9614 |
| 650 | 2 | 0 |
_aArquitectura de viviendas _9409 |
| 942 |
_cLIB _2ddc |
||
| 999 |
_c2321 _d2321 |
||